| 000 | 00451nam a2200157 4500 | ||
|---|---|---|---|
| 008 | 161126b xxu||||| |||| 00| 0 eng d | ||
| 020 | _a978-8-1849-7611-3 | ||
| 082 |
_22012 _aDFic _bD36a |
||
| 100 |
_917876 _aDefoe, Daniel |
||
| 245 |
_aThe adventures of Robinson Crusoe/ _cDaniel Defoe |
||
| 260 |
_aNew Delhi : _bBPI India Pvt Ltd, _cc2012. |
||
| 300 |
_a602 pages; _c18 cm. |
||
| 650 | 0 |
_917877 _aFiction |
|
| 365 |
_b340.00 _cPhp |
||
| 942 |
_2ddc _cDFIC |
||
| 999 |
_c5899 _d5899 |
||